000
00321nam a22001457a 4500
020
_a
978-81-264-1760-S
082
_a
894.812.3
_b
MAD/E
100
_a
MADHAVIKUTTY
245
_a
EE JEEVITHAM KONDU ETHRA MATHRAM
260
_a
KOTTAYAM
_b
DC BOOKS
_c
2009
300
_a
75
520
_a
NOVEL
650
_a
NOVEL
942
_c
BK
999
_c
4979
_d
4979